| 000 | 00520nam a2200169 i 4500 | ||
|---|---|---|---|
| 001 | 34925 | ||
| 003 | ES-MaACL | ||
| 005 | 20230906155024.0 | ||
| 007 | t| | ||
| 008 | 030211s1969 sp ||||1| spa d | ||
| 100 | 1 |
_aBotán, Fernando. _9163254 |
|
| 245 | 1 | 0 |
_aCrónica taurina gráfica... / _cFernando Botán Mon, Fernando Botán Castillo. |
| 260 |
_a[S.l. : _bs.n., _c1969] ( _eMadrid : _fSèz) |
||
| 300 |
_a158 lám. ; _c24 cm. |
||
| 700 | 1 |
_aBotán Castillo, Fernando. _930735 |
|
| 852 |
_aES-MaACL _jC-46719 _bR.69299 |
||
| 999 |
_c34925 _d34925 |
||